01255nas a2200277Ia 4500001002700000003001000027008004100037040002500078041001300103100005000116210004300166222004300209245020100252250001100453260000900464501012300473300001800596362002300614500005000637650003500687700001100722942000700733957000600740999003200746952019900778A50/R027-3017 [r000000129]IT-MiCISF161014c99999999xx |||||||||||| ||und|| aIT-MiCISFcIT-MiCISF aITALIANO aCamera dei Deputati e Senato della Repubblica aIl diritto di famiglia e delle persone aIl diritto di famiglia e delle persone 0aLegge 29 luglio 1988 n.331: "Modifica dell'articolo 710 del Codice di procedura civile in materia di modificabilità dei provvedimenti del tribunale nei casi di separazione personale dei coniugi" a1a ed. c1988 bCISF - Centro Internazionale Studi Famiglia - Via Giotto, 36 20145 MILANO (non commercial uses only)cCopyright 2016 app. 1553-1556 a3, lug-set. [1988] a Tema: legislazione, divorzio, custodia-figli aFAMIGLIA - divorziovdocumento aAA.VV. cCR 71 a3017bSig1c222575d222575 0010406A_50_000000000000000_R0273017_R00000012971aCISFbCISFd2016-10-14l0oA50/R027-3017 [r000000129]r2016-10-14 00:00:00w2016-10-14yCRzData import 15.10.2016 / by Epidotti, Vaglietti